Getting ahead: Communication skills for business English:Learner's book
Đưa ra các bài hội thoại giao tiếpTiếng Anh trong tình huống kinh doanh thương mại; cung cấp các hoạt động thực hành giao tiếp.
Đã lưu trong:
| Tác giả chính: | |
|---|---|
| Định dạng: | Sách |
| Năm xuất bản: |
Anh
Cambridge University
1993
|
| Chủ đề: | |
| Tags: |
Thêm thẻ
Không có thẻ, Hãy là người đầu tiên gắn thẻ bản ghi này!
|
| LEADER | 01431nam a2200205 4500 | ||
|---|---|---|---|
| 999 | |c 5526 |d 5526 | ||
| 082 | |a 420 |b J430E | ||
| 100 | |a Jones, Sarah | ||
| 245 | |a Getting ahead: |c Sarah Jones, Macziola, Greg White |b Communication skills for business English:Learner's book | ||
| 260 | |a Anh |b Cambridge University |c 1993 | ||
| 300 | |a 136 tr. |c 21 cm | ||
| 520 | |a Đưa ra các bài hội thoại giao tiếpTiếng Anh trong tình huống kinh doanh thương mại; cung cấp các hoạt động thực hành giao tiếp. | ||
| 653 | |a Ngôn ngữ | ||
| 653 | |a Tiếng Anh | ||
| 942 | |2 ddc |c STK0 | ||
| 952 | |0 0 |1 0 |2 ddc |4 0 |6 420_000000000000000_J430E |7 0 |8 400 |9 51518 |a qbu |b qbu |c D4 |d 2014-12-25 |g 26000 |o 420 J430E |p 2569.c1 |w 2014-12-25 |y STK0 |0 0 |6 420_000000000000000_J430E | ||
| 952 | |0 0 |1 0 |2 ddc |4 0 |6 420_000000000000000_J430E |7 0 |8 400 |9 51519 |a qbu |b qbu |c D4 |d 2014-12-25 |g 26000 |o 420 J430E |p 2569.c2 |w 2014-12-25 |y STK0 |0 0 |6 420_000000000000000_J430E | ||
| 952 | |0 0 |1 0 |2 ddc |4 0 |6 420_000000000000000_J430E |7 0 |8 400 |9 51520 |a qbu |b qbu |c D4 |d 2014-12-25 |g 26000 |o 420 J430E |p 2569.c3 |w 2014-12-25 |y STK0 |0 0 |6 420_000000000000000_J430E | ||
| 952 | |0 0 |1 0 |2 ddc |4 0 |6 420_000000000000000_J430E |7 0 |8 400 |9 51521 |a qbu |b qbu |c D4 |d 2014-12-25 |g 26000 |o 420 J430E |p 2569.c4 |w 2014-12-25 |y STK0 |0 0 |6 420_000000000000000_J430E | ||
| 952 | |0 0 |1 0 |2 ddc |4 0 |6 420_000000000000000_J430E |7 0 |8 400 |9 51522 |a qbu |b qbu |c D4 |d 2014-12-25 |g 26000 |o 420 J430E |p 2569.c5 |w 2014-12-25 |y STK0 |0 0 |6 420_000000000000000_J430E | ||